000 00370nam a22001571a 4500
020 _a81-214-378-2
082 _aH3
_bSHA/K
100 _aShashiprabha Shastry
245 _aKyomke/
_cby Shashiprabha Shastry
260 _aNew Delhi:
_bNational,
_c1990.
300 _a108p.
650 _aNovel Hindi
650 _aLiterature Hindi
650 _aLiterature
942 _cBK
999 _c24994
_d24994